=LDR 00000nam 2200000 4500 =001 INLIS000000000026931 =005 20130612125338 =008 ***********************************Ind** =035 ##$$0010-061300000026931 =041 ##$$a Ind =082 ##$$a 647 =090 ##$$a 647, Rum h =100 ##$$a Rumekso =245 ##$$a Housekeeping hotel, Rumekso =260 ##$$a 2004 $b Yogyakarta =300 ##$$a xiii, 237 hlm, ilus, 23 cm =650 ##$$a Hotel, Losmen =850 ##$$a NBPNMAT =990 ##$$a 0001/BPAP-NTB/20142015